000 00689cab a22001935a 4500
001 L151745
008 101207e20101203xxko f 000 0 eng d
035 _a(Sirsi) u151745
041 0 _aeng
100 1 _aBarnes, Rachel
245 0 0 _aOutstanding novation
_bif no formal novation agreement exists between a contractor and a consultant but they act as if there was, a court may accept that the intention was to create an appointment
260 _c2010
490 0 _aBuilding
_v275(8657) 3 December 2010, 45(1)
520 _aExplains novation and liability.
590 _aKA
651 4 _aEngland and Wales
_y1543-
690 _aBUILT ENVIRONMENT-BUILDING CONTRACT FORMS
942 _n0
999 _c82847
_d82847